<?xml version="1.0" encoding="UTF-8"?><?xml-stylesheet type="text/xsl" href="static/style.xsl"?><OAI-PMH xmlns="http://www.openarchives.org/OAI/2.0/" xmlns:xsi="http://www.w3.org/2001/XMLSchema-instance" xsi:schemaLocation="http://www.openarchives.org/OAI/2.0/ http://www.openarchives.org/OAI/2.0/OAI-PMH.xsd"><responseDate>2026-04-13T03:01:04Z</responseDate><request verb="GetRecord" identifier="oai:www.recercat.cat:10459.1/47567" metadataPrefix="marc">https://recercat.cat/oai/request</request><GetRecord><record><header><identifier>oai:recercat.cat:10459.1/47567</identifier><datestamp>2024-12-05T22:35:45Z</datestamp><setSpec>com_2072_3622</setSpec><setSpec>col_2072_479130</setSpec></header><metadata><record xmlns="http://www.loc.gov/MARC21/slim" xmlns:dcterms="http://purl.org/dc/terms/" xmlns:xsi="http://www.w3.org/2001/XMLSchema-instance" xmlns:doc="http://www.lyncode.com/xoai" xsi:schemaLocation="http://www.loc.gov/MARC21/slim http://www.loc.gov/standards/marcxml/schema/MARC21slim.xsd">
   <leader>00925njm 22002777a 4500</leader>
   <datafield ind2=" " ind1=" " tag="042">
      <subfield code="a">dc</subfield>
   </datafield>
   <datafield ind2=" " ind1=" " tag="720">
      <subfield code="a">Parés Casanova, Pere-Miquel</subfield>
      <subfield code="e">author</subfield>
   </datafield>
   <datafield ind2=" " ind1=" " tag="260">
      <subfield code="c">2014-10-23T12:32:22Z</subfield>
   </datafield>
   <datafield ind2=" " ind1=" " tag="260">
      <subfield code="c">2014-10-23T12:32:22Z</subfield>
   </datafield>
   <datafield ind2=" " ind1=" " tag="260">
      <subfield code="c">2009</subfield>
   </datafield>
   <datafield ind2=" " ind1=" " tag="260">
      <subfield code="c">2014-10-23T12:32:22Z</subfield>
   </datafield>
   <datafield ind2=" " ind1=" " tag="520">
      <subfield code="a">The 'Albera' bovine is a Catalan breed, with a reduced census, that is located in the E of the Pyrenees. In spite of quite numerous scientific studies about the breed, mainly genetic ones, little information is available on its meat aptitude. In this brief paper we present the commercial information of a carcass from a castrated yearling of this breed, including a comparison with those from of other races fattened by the same farmer. The"Albera" carcass presented R grade conformation and a fattening level. Both values are even superior to that of the other compared breeds. It would be interesting to make use of more commercial information that could be gathered in slaughterhouses for any vulnerable breed, as these commercial data are the real indicators of the commercial value of a breed.</subfield>
   </datafield>
   <datafield ind2=" " ind1=" " tag="520">
      <subfield code="a">La raza bovina “Albera” es una raza catalana, de efectivos reducidos, localizada en el E de los Pirineos. A pesar de ser bastante numerosos los estudios científicos realizados en la raza, sobretodo en el campo genético, no se disponen de datos sobre su aptitud sarcopoiética. En este breve artículo presentamos los datos comerciales de una canal procedente de un añojo castrado de esta raza, comparándolos con los de otras razas cebadas por el mismo ganadero. La canal “Alberesa” presenta una conformación R y un estado de engrasamiento de 3, y un buen peso canal en caliente, incluso superior al de las razas comparadas. Sería interesante aprovechar más los datos comerciales que &#xd;
pueden recogerse en los mataderos, para cualquier raza de efectivos reducidos, por ser los verdaderos indicadores del valor comercial de una raza.</subfield>
   </datafield>
   <datafield ind1="8" ind2=" " tag="024">
      <subfield code="a">http://hdl.handle.net/10459.1/47567</subfield>
   </datafield>
   <datafield tag="653" ind2=" " ind1=" ">
      <subfield code="a">Animal production</subfield>
   </datafield>
   <datafield tag="653" ind2=" " ind1=" ">
      <subfield code="a">Breed</subfield>
   </datafield>
   <datafield tag="653" ind2=" " ind1=" ">
      <subfield code="a">Abattoir</subfield>
   </datafield>
   <datafield tag="653" ind2=" " ind1=" ">
      <subfield code="a">Meat quality</subfield>
   </datafield>
   <datafield tag="653" ind2=" " ind1=" ">
      <subfield code="a">Carn de bestiar boví -- Indústria i comerç</subfield>
   </datafield>
   <datafield tag="653" ind2=" " ind1=" ">
      <subfield code="a">Carn de bestiar boví -- Pirineus (Catalunya)</subfield>
   </datafield>
   <datafield tag="653" ind2=" " ind1=" ">
      <subfield code="a">Bestiar boví -- Cria i desenvolupament</subfield>
   </datafield>
   <datafield ind2="0" ind1="0" tag="245">
      <subfield code="a">Sería la raza bovina "Albera" una buena productora sarcopoiética?</subfield>
   </datafield>
   <datafield ind2="0" ind1="0" tag="245">
      <subfield code="a">Could the “Albera” bovine breed be a good meat producer?</subfield>
   </datafield>
</record></metadata></record></GetRecord></OAI-PMH>